[Event "I was hoping my wood would…"]
[Site "http://www.queenalice.com/game.php?id=1851177"]
[Date "2025.1.29"]
[Round "-"]
[White "AntoniusBlock"]
[Black "mdfran72"]
[Result "0-1"]
[WhiteElo "1379"]
[BlackElo "1644"]

1. d4 d5 2. g3 e6 3. Nf3 f6 4. Nc3 c5 5. e3 c4 6. b3 Bb4 7. Bb2 Nc6 8. bxc4 dxc4
9. Bxc4 Qa5 10. O-O Bxc3 11. Rb1 b6 12. Qd3 Bxb2 13. Rxb2 Nge7 14. Rb5 Qa4 15.
Bb3 Qa6 16. a4 Qb7 17. e4 f5 18. d5 Na5 19. Ng5 Nxb3 20. Qxb3 Bd7 21. Rb4 h6 22.
Nxe6 Bxe6 23. dxe6 O-O 24. f3 g6 25. h4 h5 26. a5 Nc6 27. Qd5 Rad8 28. Ra1 Rxd5
29. exd5 Nxb4 30. d6 Qd5 0-1

[Event "Superbowl horse and losers"]
[Site "http://www.queenalice.com/game.php?id=1851822"]
[Date "2025.2.10"]
[Round "-"]
[White "AntoniusBlock"]
[Black "mdfran72"]
[Result "0-1"]
[WhiteElo "1407"]
[BlackElo "1653"]

1. e4 e5 2. Nf3 d6 3. Nc3 Nc6 4. Nd5 Be6 5. Bc4 Nge7 6. d3 Nd4 7. Nxd4 c6 8.
Nxe7 Qxe7 9. Nf3 Bxc4 10. dxc4 c5 11. b3 Qe6 12. Bb2 f6 13. a4 a5 14. Qd2 Be7
15. c3 O-O 16. O-O-O b6 17. Ba3 f5 18. Qd3 f4 19. g3 g5 20. h4 g4 21. Nh2 h5 22.
b4 f3 23. Rd2 Rad8 24. Qb1 Qxc4 25. Qc2 d5 26. Rhd1 d4 27. Qd3 Qxd3 28. Rxd3 c4
29. R3d2 d3 30. bxa5 Bxa3+ 31. Kb1 bxa5 32. Ra2 Rb8+ 33. Ka1 Bc5 34. Nf1 Bd6 35.
Ne3 Rfc8 36. Nf5 Rd8 37. Rdd2 Rb3 38. Rdb2 Bc5 39. Ne3 Bxe3 40. fxe3 Rxc3 41.
Rb1 d2 42. Kb2 Rxe3 43. Rd1 f2 44. Kc2 Re1 45. Rxd2 Rxd2+ 46. Kxd2 f1=Q 47. Kc3
Qd3+ 48. Kb2 Qb3# 0-1

[Event "At Antony's Getting Sh!tty"]
[Site "http://www.queenalice.com/game.php?id=1853458"]
[Date "2025.3.7"]
[Round "-"]
[White "mdfran72"]
[Black "AntoniusBlock"]
[Result "1-0"]
[WhiteElo "1659"]
[BlackElo "1401"]

1. d4 d5 2. f4 f5 3. Nf3 g6 4. Nbd2 Bh6 5. e3 Qd6 6. Ne5 Bg7 7. c4 Nc6 8. c5 Qe6
9. Ndf3 Bxe5 10. fxe5 b6 11. Ng5 Qd7 12. e6 Qd8 13. Nf7 Bxe6 14. Nxd8 Nxd8 15.
b4 Rb8 16. b5 c6 17. Qc2 Bd7 18. a4 Nb7 19. Ba3 Na5 20. Bb4 cxb5 21. axb5 Nc4
22. Bxc4 dxc4 23. Rxa7 Bxb5 24. O-O Nf6 25. Rfa1 Nd5 26. Bd2 c3 27. Bc1 Kf7 28.
e4 Ne3 29. Bxe3 bxc5 30. dxc5 Rhd8 31. exf5 Bc6 32. Qxc3 Ra8 33. Qc4+ Bd5 34.
Qc2 Kf6 35. fxg6 hxg6 36. c6 Rac8 37. R7a6 Rd6 38. c7 Be6 39. Qc3+ Kf5 40. Rf1+
Kg4 41. Rf4+ Kg5 42. Ra5+ Rd5 43. h4+ Kh5 44. Rxd5+ Bxd5 45. Qe5+ Kh6 46. Rf7+
g5 47. Qxg5# 1-0

[Event "It’s got Cheeeiith on it!!"]
[Site "http://www.queenalice.com/game.php?id=1854557"]
[Date "2025.3.26"]
[Round "-"]
[White "AntoniusBlock"]
[Black "mdfran72"]
[Result "0-1"]
[WhiteElo "1395"]
[BlackElo "1665"]

1. d4 d5 2. Nc3 e6 3. e4 c6 4. exd5 exd5 5. Qd3 Be6 6. Be3 Bd6 7. O-O-O Nd7 8.
f4 f5 9. g3 c5 10. Nb5 Qe7 11. dxc5 Nxc5 12. Bxc5 Bxc5 13. Qe2 Bd6 14. Nf3 Nf6
15. Nbd4 Ne4 16. Ng5 Bd7 17. Bh3 O-O 18. Rhg1 g6 19. Rdf1 h6 20. Nxe4 dxe4 21.
Qc4+ Kg7 22. g4 a6 23. gxf5 g5 24. Ne6+ Bxe6 25. fxe6 Bxf4+ 26. Kb1 e3 27. Qd4+
Rf6 28. Rxf4 Rf8 29. Re4 Kg8 30. Qxe3 Rf3 31. Qe2 Rxh3 32. Qg4 Rxh2 33. Re2 Rff2
34. Rxf2 Rxf2 35. Rg2 Rf1+ 0-1

[Event "I used to be a piece of shit "]
[Site "http://www.queenalice.com/game.php?id=1855427"]
[Date "2025.4.11"]
[Round "-"]
[White "mdfran72"]
[Black "AntoniusBlock"]
[Result "1-0"]
[WhiteElo "1670"]
[BlackElo "1390"]

1. d4 d5 2. Nd2 Nc6 3. e3 b6 4. c4 Nf6 5. c5 Qd7 6. cxb6 Ne4 7. bxa7 Rxa7 8.
Nxe4 dxe4 9. f4 Qe6 10. d5 Qd6 11. dxc6 Qxc6 12. Bd2 g6 13. b4 Bg7 14. Rc1 Qd5
15. a4 Bb2 16. Rc5 Qd6 17. a5 f5 18. Bb5+ Bd7 19. Bxd7+ Qxd7 20. Ne2 Ra6 21. O-O
Rd6 22. Nd4 Bxd4 23. exd4 O-O 24. Be3 Rb8 25. Qb3+ e6 26. Rfc1 Rxd4 27. Bxd4
Qxd4+ 28. Kf1 Qd6 29. g3 Qa6+ 30. R1c4 Kg7 31. Kf2 Qa7 32. Qc3+ Kh6 33. Ke3 Rd8
34. Rd4 Rd5 35. Rdxd5 exd5 36. Qd4 c6 37. Rxc6 Qd7 38. Rc5 Qa4 39. Rxd5 Qb3+ 40.
Ke2 Qf3+ 41. Kd2 Qg2+ 42. Kc3 e3 43. Re5 e2 44. Qd2 Qc6+ 45. Kb3 Qf3+ 46. Ka2
e1=Q 47. Qxe1 Kh5 48. h3 Qg2+ 49. Qe2+ Kh6 50. Qxg2 1-0

[Event "Silvermeade"]
[Site "http://www.queenalice.com/game.php?id=1856364"]
[Date "2025.4.29"]
[Round "-"]
[White "AntoniusBlock"]
[Black "mdfran72"]
[Result "0-1"]
[WhiteElo "1385"]
[BlackElo "1675"]

1. e4 d5 2. Nc3 d4 3. Nce2 e5 4. d3 Bb4+ 5. Bd2 Nc6 6. c3 dxc3 7. bxc3 Ba3 8.
Qb3 Qe7 9. Bc1 Bxc1 10. Nxc1 b6 11. g3 Be6 12. c4 Nd4 13. Qa4+ Bd7 14. Nb3 Bxa4
0-1

[Event "Shup Ehab UR not much better "]
[Site "http://www.queenalice.com/game.php?id=1856608"]
[Date "2025.5.3"]
[Round "-"]
[White "mdfran72"]
[Black "AntoniusBlock"]
[Result "0-1"]
[WhiteElo "1679"]
[BlackElo "1381"]

1. d4 d5 2. e3 Nf6 3. c4 Be6 4. c5 Nc6 5. Bb5 a6 6. Bxc6+ bxc6 7. Nc3 Bg4 8. f3
Bh5 9. g4 Bg6 10. f4 Ne4 11. Nxe4 Bxe4 12. Nf3 e6 13. O-O h6 14. Qa4 Bd3 15. Rf2
g5 16. Ne5 Bb5 17. Qc2 Bg7 18. b3 O-O 19. a4 f6 20. Nf3 Qd7 21. axb5 cxb5 22. b4
c6 23. Bd2 Qe7 24. e4 e5 25. dxe5 fxe5 26. f5 dxe4 27. Qxe4 Qb7 28. Bc3 Rae8 29.
h4 Bf6 30. h5 Re7 31. Rd2 Rd7 32. Rxd7 Qxd7 33. Rxa6 Qd1+ 34. Be1 Kg7 35. Rxc6
Rd8 36. Nxe5 Rd4 37. Rc7+ Kg8 38. Qe3 Bxe5 39. Qxe5 Rxg4+ 40. Kf1 Qf3+ 41. Bf2
Qg2+ 42. Ke2 Re4+ 43. Qxe4 Qxe4+ 44. Be3 Qg4+ 45. Kd2 Qxb4+ 46. Ke2 Qb2+ 47. Kf3
g4+ 48. Kg3 Qe5+ 49. Bf4 Qxf5 50. c6 b4 51. Rb7 Qxh5 52. Rb8+ Kf7 53. c7 Qh3+
54. Kf2 Qf3+ 55. Ke1 Qe4+ 56. Kd2 Qd4+ 57. Ke2 Qc4+ 58. Kd2 Qxf4+ 0-1

[Event "It's A Go! Take 'em Down!"]
[Site "http://www.queenalice.com/game.php?id=1857531"]
[Date "2025.5.19"]
[Round "-"]
[White "AntoniusBlock"]
[Black "mdfran72"]
[Result "0-1"]
[WhiteElo "1409"]
[BlackElo "1651"]

1. d4 d5 2. Nc3 c6 3. e4 e6 4. e5 Bb4 5. Bd2 Ne7 6. Qe2 Nf5 7. Qd3 a5 8. a3 Be7
9. g3 Qb6 10. Na4 Qxd4 11. Qe2 Qxa4 12. b3 Qe4 13. Bxa5 Qxh1 14. Nf3 g5 15.
O-O-O Bxa3+ 16. Kb1 g4 17. Bg2 Qxg2 18. Rg1 Qxf3 19. Qxf3 gxf3 20. g4 Nd4 21. g5
Be7 22. h4 Na6 23. h5 f5 24. gxf6 Bf8 25. Bd2 Ne2 26. Rg4 h6 27. Rg6 Bd7 28. c4
O-O-O 29. f7 Bc5 30. Bxh6 Rxh6 31. Rg8 Bf8 32. cxd5 cxd5 33. Rg6 Rxh5 34. Rg8
Rh7 35. Rg3 Rxf7 36. Rg4 Bg7 37. Rg5 Nc3+ 38. Kb2 d4 39. Kc2 Nb4+ 40. Kd2 Rf5
41. Rxg7 Rxe5 42. Rg3 Re2+ 43. Kc1 Rxf2 44. Rg4 Nba2# 0-1

[Event "Why what snake em?"]
[Site "http://www.queenalice.com/game.php?id=1858087"]
[Date "2025.5.30"]
[Round "-"]
[White "mdfran72"]
[Black "AntoniusBlock"]
[Result "1/2-1/2"]
[WhiteElo "1657"]
[BlackElo "1425"]

1. d4 e6 2. e4 d5 3. e5 c5 4. c3 c4 5. f4 b5 6. b4 Nc6 7. Nf3 Nh6 8. Nbd2 Nf5 9.
Qe2 h6 10. g4 Nh4 11. h3 a5 12. a3 axb4 13. Bb2 bxa3 14. Bc1 b4 15. cxb4 Bxb4
16. Bg2 Na5 17. O-O Nb3 18. Nxb3 cxb3 19. Qb5+ Bd7 20. Qxb4 b2 21. Bxb2 axb2 22.
Qxb2 O-O 23. Qf2 Bb5 24. Rfc1 Bc4 25. Nxh4 Ra2 26. Qe1 Re2 27. Qg3 Qb6 28. Nf3
Qb2 29. Rab1 Qa3 30. Kh2 Rb2 31. Rxb2 Qxb2 32. Rg1 Be2 33. h4 Bxf3 34. Qxf3 Qxd4
35. Rd1 Qc4 36. g5 f6 37. g6 fxe5 38. Bf1 Rxf4 39. Bxc4 Rxf3 40. Rf1 Rf6 41.
Rxf6 gxf6 42. Be2 e4 43. Kg3 h5 44. Kf4 Kg7 45. Bxh5 Kh6 46. Be2 f5 47. Ke5 Kxg6
48. h5+ Kf7 49. h6 e3 50. h7 Kg7 51. Kxe6 Kxh7 52. Kxf5 d4 53. Ke4 d3 54. Kxd3
Kg6 55. Kxe3 Kf6 56. Ke4 Ke6 57. Bg4+ Kd6 58. Kd4 Ke7 59. Ke5 Kf7 60. Kf5 Ke7
61. Kg6 Kd6 1/2-1/2

[Event "If ur so smart why n't you rich?"]
[Site "http://www.queenalice.com/game.php?id=1859301"]
[Date "2025.7.3"]
[Round "-"]
[White "AntoniusBlock"]
[Black "mdfran72"]
[Result "0-1"]
[WhiteElo "1434"]
[BlackElo "1623"]

1. d4 d5 2. g3 e6 3. Bg2 c5 4. Nf3 c4 5. c3 Ne7 6. Bf4 Nbc6 7. Ne5 f6 8. Nxc6
bxc6 9. O-O g5 10. Be3 Nf5 11. g4 Nxe3 12. fxe3 Bd6 13. Qa4 Bb7 14. Na3 O-O 15.
e4 Bxa3 16. Qxa3 dxe4 17. Bxe4 Qc8 18. b4 e5 19. dxe5 Qxg4+ 20. Kf2 Qxe4 21. Ke1
Qxe5 22. Qc1 Rad8 23. e3 Qxh2 24. Rf2 Qg1+ 25. Rf1 Qg3+ 26. Rf2 Rde8 27. Ke2 f5
28. Qc2 Rxe3+ 29. Kd1 f4 30. Kc1 Rxc3 31. Rg2 Rxc2+ 32. Kxc2 Qxg2+ 33. Kc3 Qd5
34. a4 Qd3+ 35. Kb2 Qb3+ 36. Kc1 Rd8 37. Rb1 Rd1# 0-1

[Event "Challenge"]
[Site "http://www.queenalice.com/game.php?id=1859518"]
[Date "2025.7.6"]
[Round "-"]
[White "Mr_SPOCK"]
[Black "AntoniusBlock"]
[Result "1-0"]
[WhiteElo "1693"]
[BlackElo "1426"]

1. e4 d5 2. e5 e6 3. d4 b6 4. Nf3 Bb7 5. Bg5 f6 6. exf6 gxf6 7. Bh4 Qd6 8. Nc3
a6 9. a3 e5 10. Bg3 Qe6 11. Qd3 exd4+ 12. Ne2 c5 13. O-O-O Bh6+ 14. Nf4 Bxf4+
15. Bxf4 Nc6 16. Re1 Qxe1+ 17. Nxe1 O-O-O 18. Qf5+ Rd7 19. g3 Nge7 20. Qxf6 Re8
21. Bh3 Ng8 22. Qf7 Kd8 23. Bc7+ Rxc7 24. Qxd5+ Ke7 25. Nd3 Rd7 26. Qxd7+ Kf8
27. Qxh7 Nce7 28. Be6 Bxh1 29. Qf7# 1-0

[Event "You have to use the handle"]
[Site "http://www.queenalice.com/game.php?id=1859873"]
[Date "2025.7.14"]
[Round "-"]
[White "mdfran72"]
[Black "AntoniusBlock"]
[Result "1-0"]
[WhiteElo "1631"]
[BlackElo "1416"]

1. d4 d5 2. e3 h5 3. h4 Nc6 4. c3 e5 5. Ne2 Nf6 6. dxe5 Nxe5 7. Qd4 Bd6 8. f4
Nc4 9. b3 Nb6 10. a4 c5 11. Qd3 Ne4 12. a5 Nf2 13. Kxf2 g6 14. axb6 Bb8 15. bxa7
Rxa7 16. Rxa7 Bxa7 17. g3 O-O 18. Bh3 Bxh3 19. Rxh3 Qd7 20. Rh1 f5 21. Nd2 Re8
22. c4 dxc4 23. Qxd7 1-0

[Event "Challenge"]
[Site "http://www.queenalice.com/game.php?id=1859874"]
[Date "2025.7.14"]
[Round "-"]
[White "AntoniusBlock"]
[Black "Mr_SPOCK"]
[Result "0-1"]
[WhiteElo "1421"]
[BlackElo "1708"]

1. d4 g6 2. e4 Nf6 3. e5 Ne4 4. f3 f5 5. fxe4 fxe4 6. Be3 d5 7. exd6 exd6 8. Nd2
d5 9. a4 Bb4 10. c3 Be7 11. b3 h5 12. Qc2 Bg4 13. h3 Be6 14. O-O-O Ba3+ 15. Kb1
Na6 16. Ka2 Qe7 17. b4 Bxb4 18. cxb4 Nxb4+ 0-1

[Event "Challenge"]
[Site "http://www.queenalice.com/game.php?id=1860168"]
[Date "2025.7.19"]
[Round "-"]
[White "Mr_SPOCK"]
[Black "AntoniusBlock"]
[Result "1-0"]
[WhiteElo "1707"]
[BlackElo "1409"]

1. e4 d5 2. e5 Nc6 3. d4 a6 4. Nc3 f6 5. Nf3 g6 6. Bd3 fxe5 7. dxe5 d4 8. Ne4
Bg7 9. c3 dxc3 10. Nxc3 Nxe5 11. O-O Nxd3 12. Qa4+ Bd7 13. Qa3 b5 14. b4 Bf5 15.
Bd2 Ne5 16. Ng5 Nd3 17. Rad1 Bd4 18. Ne2 h6 19. Nf3 Nb2 20. Nexd4 Nxd1 21. Rxd1
Nf6 22. h3 e5 23. Nc6 Qd7 24. Nfxe5 Qd5 25. g4 Bd7 26. Qe3 O-O 27. Ne7+ 1-0

[Event "Kids touch, turned to crap"]
[Site "http://www.queenalice.com/game.php?id=1860213"]
[Date "2025.7.19"]
[Round "-"]
[White "AntoniusBlock"]
[Black "mdfran72"]
[Result "0-1"]
[WhiteElo "1405"]
[BlackElo "1638"]

1. d4 d5 2. g3 f6 3. Nc3 c6 4. Bg2 e5 5. dxe5 fxe5 6. b3 d4 7. Ne4 Bb4+ 8. Bd2
Bxd2+ 9. Qxd2 Nf6 10. Nxf6+ gxf6 11. c3 c5 12. Nf3 Nc6 13. O-O e4 14. Nh4 b5 15.
f4 f5 16. Rf2 O-O 17. b4 c4 18. h3 d3 19. exd3 cxd3 20. a4 bxa4 21. Rxa4 a5 22.
Qa2+ Rf7 23. g4 fxg4 24. Bxe4 Bd7 25. f5 Rc8 26. Rf4 Kf8 27. Ng2 gxh3 28. Nh4
Qg5+ 29. Ng2 hxg2 30. Rf2 Qe3 31. Kxg2 Qxe4+ 32. Rf3 Bxf5 33. bxa5 Rg7+ 34. Kf2
Qe5 35. Raf4 Ne7 36. Qd2 Rf7 37. a6 Qe2+ 38. Qxe2 dxe2 39. Kxe2 Ra8 40. Ra4 Bc8
41. Re3 Bxa6+ 42. c4 Nf5 43. Re6 Nd4+ 44. Kd3 Nxe6 45. Ke4 Nc7 46. c5 Re7+ 47.
Kd4 Rd8+ 0-1

[Event "I got a text from Dan's wife"]
[Site "http://www.queenalice.com/game.php?id=1861012"]
[Date "2025.8.3"]
[Round "-"]
[White "mdfran72"]
[Black "AntoniusBlock"]
[Result "1/2-1/2"]
[WhiteElo "1645"]
[BlackElo "1398"]

1. d4 d5 2. Nc3 Nf6 3. e3 g6 4. Nf3 Bg7 5. Bd3 b6 6. e4 dxe4 7. Nxe4 Bb7 8. Qe2
Bxe4 9. Bxe4 Nxe4 10. Qxe4 c6 11. O-O Qc7 12. g3 Nd7 13. Bf4 Qb7 14. b4 Nf6 15.
Qe5 Nh5 16. Qe3 O-O 17. c3 Rad8 18. g4 Nxf4 19. Qxf4 Qd7 20. Ne5 Bxe5 21. dxe5
Qd5 22. g5 f6 23. Rfe1 fxg5 24. Qxg5 Qe6 25. h4 c5 26. h5 Rf7 27. hxg6 hxg6 28.
f4 Rd2 29. Qg3 Rh7 30. a4 Rhh2 31. Qxh2 Qg4+ 32. Kh1 Rxh2+ 33. Kxh2 Qh4+ 34. Kg2
Qg4+ 35. Kh2 Qxf4+ 36. Kg2 Qd2+ 37. Kf1 Qf4+ 38. Kg2 cxb4 39. cxb4 Qxb4 40. Kg3
Qc3+ 41. Kf4 Qd2+ 42. Kg4 g5 43. Kf5 Qf4+ 44. Ke6 Qf7+ 45. Kd7 e6+ 46. Kc6 Qe8+
47. Kb7 Qd7+ 48. Ka6 Kf7 49. Rf1+ Ke7 50. a5 Qc6 51. Rg1 Qc8+ 52. Kxa7 Qc7+ 53.
Ka6 Qxe5 54. Kxb6 Qd4+ 55. Kb7 Qb4+ 56. Ka7 g4 57. a6 Qd4+ 58. Kb7 e5 59. a7
Qd5+ 60. Kb6 Qd4+ 61. Kb5 Qd7+ 62. Kc4 Qd4+ 63. Kb3 Qd5+ 64. Kc3 Qd4+ 65. Kc2
Qf2+ 66. Kd3 Qd4+ 67. Ke2 Qb2+ 68. Ke3 Qd4+ 69. Ke2 Qb2+ 70. Kd3 Qb5+ 71. Ke3
Qb3+ 72. Ke4 Qf3+ 73. Kxe5 Qf6+ 74. Ke4 Qf3+ 75. Kd4 Qf2+ 76. Kd3 Qf3+ 77. Kd2
Qd5+ 78. Ke2 Qe4+ 79. Kd2 Qd4+ 80. Ke2 Qb2+ 81. Ke3 Qe5+ 82. Kf2 Qf4+ 83. Ke2
Qf3+ 1/2-1/2

[Event "Oceanview Dining "]
[Site "http://www.queenalice.com/game.php?id=1862379"]
[Date "2025.9.2"]
[Round "-"]
[White "AntoniusBlock"]
[Black "mdfran72"]
[Result "0-1"]
[WhiteElo "1408"]
[BlackElo "1635"]

1. d4 d5 2. Nc3 e6 3. g3 Nc6 4. Bg2 Nge7 5. Nf3 g6 6. Bg5 Bg7 7. Ne5 f6 8. Nf7
Kxf7 9. Be3 f5 10. f4 Bxd4 11. Qd2 Bxe3 12. Qxe3 a6 13. O-O-O d4 14. Qf3 Nd5 15.
Nxd5 Qxd5 16. Qf2 Qd7 17. e3 e5 18. exd4 e4 19. d5 Ne7 20. c4 c6 21. d6 Ng8 22.
c5 Nf6 23. Rhe1 Qe6 24. Re3 Qxa2 25. Ra3 Qe6 26. h4 Bd7 27. Bh3 h5 28. Re3 Ng4
29. Bxg4 hxg4 30. Qc2 Rab8 31. Rh1 b5 32. b4 Ra8 33. Ra3 Qc4 34. Rc3 Qxb4 35.
Rb3 Qd4 36. Rd1 Qf6 37. Qf2 a5 38. Rd4 a4 39. Rbb4 a3 40. Qa2+ Be6 41. Qd2 a2
42. Rb1 a1=Q 43. Rxa1 Rxa1+ 44. Kb2 Ra2+ 45. Kc1 Rxd2 46. Rxd2 Qa1+ 47. Kc2 Ra8
48. Rd1 Qa2+ 49. Kc3 Ra3+ 50. Kd4 Qc4+ 51. Ke5 Rd3 52. d7 Qc3# 0-1

[Event "Ot Dogs and Amburgers, OH"]
[Site "http://www.queenalice.com/game.php?id=1863402"]
[Date "2025.9.25"]
[Round "-"]
[White "mdfran72"]
[Black "AntoniusBlock"]
[Result "1-0"]
[WhiteElo "1660"]
[BlackElo "1401"]

1. e4 d5 2. Nc3 Nf6 3. e5 Ne4 4. Nxe4 dxe4 5. d4 exd3 6. Qxd3 Bd7 7. f4 e6 8.
Nf3 Nc6 9. Be3 Be7 10. Be2 Nb4 11. Qc4 b5 12. Qb3 c5 13. c4 Qa5 14. a3 Nc2+ 15.
Kf2 Nxa1 16. Rxa1 b4 17. Bc1 f6 18. g3 f5 19. h4 Ba4 20. Qe3 b3 21. Ng5 h6 22.
Nh3 O-O 23. Bd2 Qb6 24. g4 Bxh4+ 25. Kg1 Rad8 26. g5 Rd7 27. Be1 Bxe1 28. Rxe1
Rfd8 29. gxh6 gxh6 30. Kh2 Rd4 31. Nf2 Kh7 32. Rd1 Qc7 33. Rg1 Rd2 34. Nd1 Qe7
35. Kh3 Be8 36. Qf2 R8d4 37. Qf3 Re4 38. Bd3 Rd4 39. Be2 Re4 40. Bd3 Rd4 41. Be2
Re4 42. Nc3 Rxc4 43. Bxc4 Rxb2 44. Nb5 Bxb5 45. Bxb3 c4 46. Bd1 Rd2 47. Qg3 Rd3
48. Bf3 c3 49. Qg8# 1-0